000 00660cam a2200193 4500
001 WB3525-29
008 000000n1999 000 0 eng u
035 _a(Sirsi) u102476
245 _aManage contaminated land risk.
260 _c1999
490 _aRICS Press Release
_v29 June 1999, (2)
520 _aIn response to the Urban Task Force Report, the RICS has called for a standard process for investigating contaminated land, helping to manage the risk of redeveloping it and aid regeneration.
650 _aURBAN TASK FORCE
650 _aCONTAMINATED LAND
650 _aRISK MANAGEMENT
650 _aRICS
690 _aURBAN RENEWAL
942 _n0
999 _c61488
_d61488